|
|
|
|
| LEADER |
00000nas a2200000 a 4500 |
| 001 |
ssj0000388559 |
| 003 |
WaSeSS |
| 005 |
20200512172242.0 |
| 006 |
m d |
| 007 |
cr n |
| 008 |
100310c20109999vauqr p s b 0 a0eng |
| 010 |
|
|
|a 2010237253
|
| 016 |
7 |
|
|a 015528547
|2 Uk
|
| 022 |
|
|
|y 2154-1647
|
| 024 |
8 |
|
|a 0016-8500
|
| 032 |
|
|
|a 168500
|b USPS
|
| 035 |
|
|
|a (WaSeSS)ssj0000388559
|
| 037 |
|
|
|b Council for Exceptional Children, Division on Autism and Developmental Disabilities, 1110 North Glebe Road, Arlington, Virginia 22201-5704
|
| 040 |
|
|
|a LHA
|b eng
|c LHA
|d IAD
|d TJC
|d DLC
|d CUS
|d IUL
|d DLC
|d UKMGB
|d OCLCF
|d CUI
|d CSO
|d SGB
|d GILDS
|d OCLCO
|d WaSeSS
|
| 042 |
|
|
|a pcc
|a nsdp
|
| 043 |
|
|
|a n-us---
|
| 050 |
0 |
0 |
|a HV894
|b .E3
|
| 082 |
1 |
0 |
|a 362
|2 14
|
| 222 |
|
0 |
|a Education and training in autism and developmental disabilities
|
| 245 |
0 |
0 |
|a Education and training in autism and developmental disabilities
|h [electronic resource].
|
| 260 |
|
|
|a Arlington, Va. :
|b Council for Exceptional Children, Division on Autism and Developmental Disabilities
|
| 310 |
|
|
|a Quarterly
|
| 362 |
1 |
|
|a Began with: Vol. 45, no. 1 (Mar. 2010).
|
| 506 |
|
|
|a License restrictions may limit access.
|
| 588 |
|
|
|a Description based on: Vol. 45, no. 1 (Mar. 2010); title from cover.
|
| 588 |
|
|
|a Latest issue consulted: Vol. 45, no. 4 (Dec. 2010).
|
| 650 |
|
0 |
|a Children with mental disabilities
|z United States
|v Periodicals.
|
| 650 |
|
0 |
|a Children with mental disabilities
|x Education
|z United States
|v Periodicals.
|
| 650 |
|
0 |
|a Developmentally disabled children
|x Education
|z United States
|v Periodicals.
|
| 650 |
|
0 |
|a Developmentally disabled
|x Education
|z United States
|v Periodicals.
|
| 650 |
|
0 |
|a Autistic children
|z United States
|v Periodicals.
|
| 650 |
|
0 |
|a Autistic children
|x Education
|z United States
|v Periodicals.
|
| 650 |
|
0 |
|a Autism in children
|z United States
|v Periodicals.
|
| 650 |
|
7 |
|a Autism in children.
|2 fast
|0 (OCoLC)fst00822498
|
| 650 |
|
7 |
|a Autistic children.
|2 fast
|0 (OCoLC)fst00822506
|
| 650 |
|
7 |
|a Autistic children
|x Education.
|2 fast
|0 (OCoLC)fst00822509
|
| 650 |
|
7 |
|a Children with mental disabilities.
|2 fast
|0 (OCoLC)fst00855620
|
| 650 |
|
7 |
|a Children with mental disabilities
|x Education.
|2 fast
|0 (OCoLC)fst00855625
|
| 650 |
|
7 |
|a Developmentally disabled children
|x Education.
|2 fast
|0 (OCoLC)fst00891918
|
| 650 |
|
7 |
|a Developmentally disabled
|x Education.
|2 fast
|0 (OCoLC)fst00891855
|
| 650 |
1 |
7 |
|a Ontwikkelingsstoornissen.
|2 gtt
|
| 650 |
1 |
7 |
|a Handicaps.
|2 gtt
|
| 650 |
1 |
7 |
|a Onderwijs.
|2 gtt
|
| 650 |
1 |
7 |
|a Scholing.
|2 gtt
|
| 650 |
|
7 |
|a Éducation.
|2 rasuqam
|
| 650 |
1 |
7 |
|a Enfant handicapé mental.
|2 rasuqam
|
| 650 |
|
7 |
|a Handicapé développemental.
|2 rasuqam
|
| 650 |
|
6 |
|a Enfants handicapés mentaux
|z États-Unis
|v Périodiques.
|
| 650 |
|
6 |
|a Enfants handicapés mentaux
|x Éducation
|z États-Unis
|v Périodiques.
|
| 650 |
|
6 |
|a Enfants atteints de troubles du développement
|x Éducation
|z États-Unis
|v Périodiques.
|
| 650 |
|
6 |
|a Personnes atteintes de troubles du développement
|x Éducation
|z États-Unis
|v Périodiques.
|
| 651 |
|
7 |
|a United States.
|2 fast
|0 (OCoLC)fst01204155
|
| 651 |
|
7 |
|a États-Unis.
|2 rasuqam
|
| 655 |
|
0 |
|a Electronic journals.
|
| 710 |
2 |
|
|a Council for Exceptional Children.
|b Division on Autism and Developmental Disabilities.
|
| 780 |
0 |
0 |
|t Education and training in developmental disabilities
|x 1547-0350
|w (OCoLC)51822274
|w (DLC) 2003245002
|
| 850 |
|
|
|a DLC
|
| 853 |
2 |
0 |
|8 1
|a v.
|b no.
|u 4
|v r
|i (year)
|j (month)
|w q
|x 03
|
| 856 |
4 |
0 |
|z Full text available from Research Library: 03/01/2013 to present
|u https://search.proquest.com/publication/2032023
|
| 863 |
4 |
1 |
|8 1.1
|a 45
|b 1
|i 2010
|j 03
|